Cuentos al timón /

Guardado en:
Autor Principal: Homero
Formato: Libro
Publicado: Buenos Aires : Cántaro,2006.
Series:Del Mirador
Materias:
Etiquetas: Agregar Etiqueta
Sin Etiquetas, Sea el primero en etiquetar este registro!
LEADER 00990nam a22002175a 4500
001 CEM.cems018581
005 20171002101558.0
008 130507b######################000#0#####d
003 CEMS
020 |a 9507531971 
082 0 4 |a 808.8 
100 1 |a Homero 
245 1 0 |a Cuentos al timón /  |c Homero, Edgar A. Poe, Jack London, Pío Baroja, Lobodón Garra, Howard P Lovecraft y Antonio Tabucchi. 
260 |a Buenos Aires :  |b Cántaro,2006. 
300 |a 144p. il ; 2006. 
490 0 |a Del Mirador 
505 0 |a Odisea: Canto XII Las vacas sagradas del Sol / Homero -- Un descenso al Maelstrom / Edgar Allan -- Hacia el Oeste / Jack London -- El buque blanco / Howard Philips Lovecraft -- Ángelus / Pío Baroja-- La batalla / Lobodon Garra -- Una caza / Antonio Tabucchi 
600 1 4 |a Poe, Edgar A.Baroja, PíoLovecraft, Howard P.London, JackGarra, LobodonTabucchi, Antonio 
653 |a Literatura juvenil 
653 |a Mitos 
859 |a CEMS  |b BIB. CEMS - Agricultura  |h 808.8  |i H752  |p A2950.17  |t Ej.1